Los cachureos de la Avenida Argentina, Valparaíso. Historias de vidas e intercambio entre el mar y los cerros.
Saved in:
| Main Author: | |
|---|---|
| Other Authors: | |
| Format: | Book |
| Language: | Spanish |
| Published: |
Valparaíso, Chile:
Mago Editores,
2010.
|
| Edition: | Primera edición. |
| Subjects: | |
| Tags: |
Add Tag
No Tags, Be the first to tag this record!
|
MARC
| LEADER | 00000nam a2200000 a 4500 | ||
|---|---|---|---|
| 001 | UCG1551 | ||
| 003 | CL-VaPUC | ||
| 005 | 20241205121038.0 | ||
| 008 | 100506t20100300CL |||||||||||||||||spa|d | ||
| 999 | |c 340900 |d 340898 | ||
| 020 | |a 978-956-317-080-1 | ||
| 040 | |c Pontificia Universidad Católica de Valparaíso | ||
| 082 | 0 | 4 | |a 381.1920983 BER 2010 |2 21 |
| 100 | |a Berlien Araos, Karin A |e autora |9 549539 | ||
| 245 | 1 | 4 | |a Los cachureos de la Avenida Argentina, Valparaíso. |b Historias de vidas e intercambio entre el mar y los cerros. |
| 250 | |a Primera edición. | ||
| 260 | |a Valparaíso, Chile: |b Mago Editores, |c 2010. | ||
| 300 | |a 139 páginas: ilustraciones |b + 1 CD (sonido de entrevista a los vendedores del mercado). | ||
| 500 | |a c.4: Donación P.I.I.E. 2-12-2024. | ||
| 583 | |a last modification |c 20100506 00:00:00 |k Rodrigo Vera | ||
| 650 | 0 | |a Ferias populares |2 CL-VaPUC |9 549542 |x Cachureos |v Historia |z Valparaíso, Chile | |
| 650 | 0 | |a Mercados |9 338624 |v Relatos personales |z Valparaíso, Chile | |
| 700 | |a Brito Vásquez, Lucrecia E. |e autora |9 549540 | ||
| 942 | |c BK |2 ddc | ||
| 945 | |d 20100506 00:00:00 |a dcastane | ||
| 952 | |0 0 |1 0 |4 0 |6 381_192098300000000_BER_2010 |7 0 |8 A |9 436039 |a BIBEDU |b BIBEDU |d 2019-11-22 |i 4669010 |o 381.1920983 BER 2010 |p 4669010 |r 2019-11-22 |w 2019-11-22 |y BK |k LIT | ||
| 952 | |0 0 |1 0 |4 0 |6 381_192098300000000_BER_2010 |7 0 |8 A |9 436040 |a BIBEDU |b BIBEDU |d 2019-11-22 |i 4669029 |o 381.1920983 BER 2010 |p 4669029 |r 2019-11-22 |w 2019-11-22 |y BK |k LIT | ||
| 952 | |0 0 |1 0 |4 0 |6 381_192098300000000_BER_2010 |7 0 |8 A |9 436041 |a BIBEDU |b BIBEDU |d 2019-11-22 |i 4669037 |o 381.1920983 BER 2010 |p 4669037 |r 2019-11-22 |w 2019-11-22 |y BK |k LIT | ||
| 952 | |0 0 |1 0 |2 ddc |4 0 |6 381_192098300000000_BER_2010 |7 0 |8 A |9 598479 |a BIBGIM |b BIBGIM |d 2024-12-05 |e Donación |i 5663506 |o 381.1920983 BER 2010 |p 5663506 |r 2025-01-15 |t 4 |w 2024-12-05 |y BK |k ELE | ||